000
00309nam a2200133Ia 4500
005
20251222155132.0
008
251222s9999||||xx |||||||||||||| ||spa||
082
_a
LEN.60
100
_a
CALDERON de la Barca,
245
0
_a
La vida es un sueƱo
250
_a
1ra. ed.
264
_b
El comercio
942
_c
LIB
999
_c
38855
_d
38855